000 00904nam a2200265 a 4500
005 20200104041531.0
008 140305b1996 wau||||| |||| 00| 0 eng d
040 _aCO-BoIAVH
_cCO-BoIAVH
041 _aspa
044 _axxu
082 1 4 _a582.16
_bP48a
100 1 _aPeters, Charles M.
245 1 0 _aAprovechamiento sostenible de recursos no maderables en bosque húmedo tropical
_bun manual ecológico
260 _aWashington:
_bPrograma de Apoyo a la Biodiversidad,
_c1996.
300 _a47 páginas.
490 _aSerie general del programa de apoyo a la biodiversidad
_v2
650 1 _aUso sostenible
650 1 _aProductos no maderables
650 1 _aBosque húmedo tropical
650 1 _aManual de métodos
650 1 _aBosques tropicales
650 1 _aArboles
650 1 _aRecursos forestales no maderables
942 _cLIBRO
_2ddc
999 _c2370
_d2370